| 000 | 00646nam a22001937a 4500 | ||
|---|---|---|---|
| 005 | 20251208121826.0 | ||
| 010 | _aENG-147292 | ||
| 020 |
_c500.00 _a9789351563273 |
||
| 035 | _aEN-130824 | ||
| 037 |
_bDBAD _aDPL |
||
| 082 |
_a181.432 _21 |
||
| 100 |
_aThakore, Yashoda _985897 |
||
| 245 |
_aKaivalya: _bJoy in Yoga & Dance/ _cYashoda Thakore |
||
| 250 | _a1 | ||
| 260 |
_bDeccan Archaeological & Cultural Research Institute _aHyderabad _c2022 |
||
| 270 |
_aPlot No. 502, Padmavathi Residency Saleemnagar Colonu, Malakpet _bHyderabad _e500036 |
||
| 300 |
_a94p. _c24cm(pb) |
||
| 942 |
_2ddc _cEN _h181.432 _mTHA |
||
| 999 |
_c213868 _d213868 |
||